| 000 | 02164 a2200409 04500 | ||
|---|---|---|---|
| 001 | 725926 | ||
| 003 | MARCOrgCode | ||
| 005 | 20250731173558.0 | ||
| 008 | 050703s2011 idu eng d | ||
| 010 | _a33567 | ||
| 020 | _a9780816324286 | ||
| 040 |
_aBiblioteca Monte Morelos _bspa _cPE-LiUPU _dPE-LiUPU _erda |
||
| 082 | 0 | 4 |
_a231.7652 _bU55 _223 |
| 245 | 0 | 0 |
_aUnderstanding creation : _banswers to questions on faith and science / _ceditado por L. James Gibson y Humberto M. Rasi |
| 264 |
_aNampa, Idaho : _bPacific Press Publishing Association, _c2011. |
||
| 300 |
_a223 páginas : _c24 centímetros. |
||
| 504 | _aAl final de cada capitulo. | ||
| 505 | _aWhy do different scientists interpret reality differently? -- What is creation theory? -- are the Bible and science in conflict? -- what is the difference between data and interpretation? -- what is the evidence for a Creator? -- How can we interpret the first chapter of Genesis? -- What are the meaning and implications of the big bang theory? -- When did creation occur? -- Where did life come from? -- How reliable is radiometric dating? -- Can I belive in a worldwide flood? -- What does the fossil record thell us? -- How do plate tectonics relate to the Bible? -- How do dinosaurs fit in a biblical perspective? -- Does the theory of evolution explain the diversity of life? -- Is the theory of evolution scientific? -- Where do humans come from? -- What are the moral implications of Darwinism? -- Can a christian be a good scientist? -- How can I live without having all the answers? | ||
| 526 | _aSEG42 | ||
| 526 | _aSEG41 | ||
| 526 | _aSEG40 | ||
| 526 | _aSEG39 | ||
| 526 | _aP94 | ||
| 526 | _aP87 | ||
| 526 | _aP86 | ||
| 526 | _aP85 | ||
| 526 | _aP77 | ||
| 526 | _aP76 | ||
| 526 | _aP35 | ||
| 650 | 1 | 4 | _aCreacionismo |
| 650 | 1 | 4 | _aFe y razón |
| 700 |
_aRasi, Humberto _d1935-2023 _eeditor _91506 |
||
| 700 |
_aGibson, L. James _d1919 _eeditor _91507 |
||
| 942 |
_2ddc _cBK _n0 |
||
| 980 |
_621515 _aDIGNA BRAÑES Analista Documental _81 _gALBERTO SANCHEZ Responsable de Automatización |
||
| 999 |
_c61889 _d61889 |
||